000 01405nam a2200265Ia 4500
999 _c38508
_d38508
001 4609
003 GE_BSU
005 20190510185336.0
008 181216s2003||||ge |||||||||||||| ||geo||
020 _a9994017209
040 _cGE_BSU
041 _ageo
080 _a316.485.26+316.485.25+327.57 უ–34
100 _aუოლცი, კენეთ ნ.
_91004
245 _aადამიანი, სახელმწიფო და ომი=Man, the State and War : თეორიული ანალიზი /
_cკენეთ ნ. უოლცი ; რედ : ნინო კიღურაძე , მთარგმნ. თორნიკე თურმანიძე , ერეკლე ურუშაძე
264 _aთბილისი .:
_bჯისიაი,
_c2003.
300 _a280გვ . ;
_c20სმ.
440 _aსოციალურ მეცნიერებათა სერია
_9955
504 _aბიბლიოგრ.: გვ. 264-280
653 _aადამიანი, სახელმწიფო და ომი.
700 _aკიღურაძე, ნინო
_eრედაქტორი
_91005
700 _aთურმანიძე,თორნიკე
_eმთარგმნელი
_91006
700 _aურუშაძე, ერეკლე
_eმთარგმნელი
_91007
942 _cBK
_2udc